Multiple scattering and waves in random media : proceedings of the U.S. Army Workshop held in Blacksburg, Virginia, 24-26 March 1980 /

Bibliographic Details
Corporate Author: United States. Army Research Office. Mathematics Division
Other Authors: Chow, P. L. (Pao Liu), 1936-, Kohler, W. E. (Werner E.), 1939-, Papanicolaou, George
Format: Book
Language:English
Published: Amsterdam ; New York : North-Holland Pub. Co. ; 1981.
Subjects:

MARC

Tag First Indicator Second Indicator Subfields
LEADER 00000pam a2200000 a 4500
001 in00000081894
005 20151008054204.0
008 810810s1981 ne a b 10000 eng
010 |a  81014005  
020 |a 0444862803 
035 |a (OCoLC)07734958 
035 |9 AAH9916AM 
039 0 |a 2  |b 3  |c 3  |d 3  |e 3 
040 |a DLC  |c DLC  |d TXA  |d UtOrBLW 
049 |a TXAM  |c [1672190] 
050 0 0 |a QC173.4.M85  |b M84 
082 0 |a 531/.1133  |2 19 
245 0 0 |a Multiple scattering and waves in random media :  |b proceedings of the U.S. Army Workshop held in Blacksburg, Virginia, 24-26 March 1980 /  |c edited by P.L. Chow, W.E. Kohler, G.C. Papanicolaou. 
264 1 |a Amsterdam ;  |a New York :  |b North-Holland Pub. Co. ;  |c 1981. 
264 2 |a New York, N.Y. :  |b Sole distributors for the U.S.A. and Canada, Elsevier North-Holland, 
300 |a x, 286 pages :  |b illustrations ;  |c 23 cm. 
336 |a text  |b txt  |2 rdacontent 
337 |a unmediated  |b n  |2 rdamedia 
338 |a volume  |b nc  |2 rdacarrier 
500 |a Sponsored by the Mathematics Division, U.S. Army Research Office. 
504 |a Includes bibliographical references. 
650 0 |a Multiple scattering (Physics)  |x Congresses. 
650 0 |a Waves  |x Congresses. 
700 1 |a Chow, P. L.  |q (Pao Liu),  |d 1936- 
700 1 |a Kohler, W. E.  |q (Werner E.),  |d 1939- 
700 1 |a Papanicolaou, George. 
710 1 |a United States.  |b Army Research Office.  |b Mathematics Division. 
999 |a MARS 
999 f f |s 8a4d999c-1744-33a6-ab35-d5bbc5b33697  |i 55f0d98d-73ce-3306-8afa-829d671cbcb7  |t 0 
952 f f |p normal  |a Texas A&M University  |b College Station  |c Sterling C. Evans Library  |d Evans: Library Stacks  |t 0  |e QC173.4.M85 M84  |h Library of Congress classification  |i unmediated -- volume  |m A14806207704 
998 f f |a QC173.4.M85 M84  |t 0  |l Evans: Library Stacks